Reglamento sobre la contribución del estado a los partidos políticos
Сохранить в:
| Соавтор: | |
|---|---|
| Формат: | Текст |
| Опубликовано: |
San José:
Imprenta Nacional
|
| Метки: |
Добавить метку
Нет меток, Требуется 1-ая метка записи!
|
MARC
| LEADER | 00000 a a2200000 04500 | ||
|---|---|---|---|
| 001 | 18888 | ||
| 003 | |||
| 040 | |||
| 090 | |a 015500 | ||
| 110 | |a Costa Rica. Contraloría General de la República | ||
| 245 | |a Reglamento sobre la contribución del estado a los partidos políticos | ||
| 260 | |a San José: |b Imprenta Nacional | ||
| 300 | |a 28 p. | ||
| 999 | |c 1331 |d 1331 | ||
